| 000 | 00000nam##2200000za#4500 |
| 001 | 9.607910 |
| 003 | CaOODSP |
| 005 | 20210624213348 |
| 007 | cr ||||||||||| |
| 008 | 150406|2014||||xxc|||||o f|0| 0 fre|d |
| 020 | |a978-0-660-22914-0 |
| 022 | |a1701-5421 |
| 040 | |aCaOODSP|bfre |
| 043 | |an-cn--- |
| 086 | 1 |aFA1-2014/2-7F-PDF |
| 110 | 1 |aCanada. |bBureau du vérificateur général. |
| 245 | 10|aRapport du vérificateur général du Canada. Chapitre 7, : |h[ressource électronique]|ble patrimoine documentaire du gouvernement du Canada - Bibliothèque et Archives Canada |
| 260 | |aOttawa - Ontario : |bBureau du vérificateur général du Canada |
| 300 | |a24p.|btableaux |
| 490 | 1 |aRapport de la vérificatrice générale du Canada à la Chambre des communes|x1701-5421|vAutomne 2014 |
| 520 | 3 |aL’audit avait pour objectif de déterminer si Bibliothèque et Archives Canada s’était acquittée de ses responsabilités relatives à l’acquisition et à la préservation du patrimoine documentaire des institutions fédérales, et en avait facilité l’accès pour les générations présentes et futures. |
| 590 | |a15-03|b2015-01-16 |
| 775 | 08|tReport of the Auditor General of Canada. Chapter 7, : |w(CaOODSP)9.581026 |
| 776 | 0#|tRapport du vérificateur général du Canada. Chapitre 7, : |w(CaOODSP)9.629111 |
| 830 | #0|aRapport de la vérificatrice générale du Canada à la Chambre des communes,|x1701-5421|vAutomne 2014|w(CaOODSP)9.502618 |
| 856 | 40|ahttp://publications.gc.ca|qPDF|s353 Ko|uhttps://publications.gc.ca/collections/collection_2015/bvg-oag/FA1-2014-2-7-fra.pdf|yAutomne 2014 |